LEADER 01230nam a2200289 i 4500 001 000000081405 003 CaOOAMICUS 005 20180208000000.0 008 180208s1991 it u000 u ita u 013 $a53645 020 $a88-211-8672-5 040 $aSeMil$bita 100 1 $aBianco, Franco <1932-2006>.$0(OLS)http://semarc/name/30656 245 10$aHeidegger e la metafisica /$cF. Bianco, Hans Ebeling ... [et al.] ; a cura di Mario Ruggenini. 260 $aTorino :$bMarietti,$c1991. 300 $aXIV, 297 p. ;$c21 cm. 490 0 $aCollana di filosofia ;$v49 600 14$aHeidegger, Martin <1889-1976>.$0(OLS)http://semarc/subject/986 700 1 $aRuggenini, Mario,$d<1940-2021>.$0(OLS)http://semarc/name/33934 700 1 $aEbeling, Hans.$0(OLS)http://semarc/name/38797 830 0$aCollana di filosofia ;$v49.$0(OLS)http://semarc/title/419438 850 $aSeMil 852 $aSeMil$W1$xVenegono$y1$m2P VI 515$j46650$B46650$CSeMilBibl$Z2$F49004 $81 961 $aRecupero: Seminario di Seveso 996 $6020$a88-211-8672-5$9(OLS)http://semarc/number/62405 996 $6245$aHeidegger e la metafisica$9(OLS)http://semarc/title/404508 996 $6260$aTorino :$bMarietti$9(OLS)http://semarc/publisher/29916 LEADER 00782nab a2200157 i 4500 001 000000264324 003 CaOOAMICUS 005 20060920000000.0 008 060920n xx uu u0 0und r 013 $a6908 040 $aSeMil$bita 245 10$aDeus Caritas Est ; Celebrare la speranza [dossier] ; L'anno liturgico ambrosiano. - XV, 60 p. - Contiene inserto :$bI riti della Settimana Santa. - Titoli dalla copertina. 500 $aMarzo 2006. 773 0 $t[2006 : N. 196-201].$dRoma : CAL, 2006.$w()147922 774 0 $aLameri, Angelo$tRiti della Settimana Santa.$w()305062 996 $6245$aDeus Caritas Est ; Celebrare la speranza [dossier] ; L'anno liturgico ambrosiano. - XV, 60 p. - Contiene inserto :$bI riti della Settimana Santa. - Titoli dalla copertina.$9(OLS)http://semarc/title/356926